000 00780nas a2200241 4500
001 BR0801364
003 BR-BrBNA
005 20231205111652.0
007 ta
008 230509b bl.|||p| |||| 00| 00por d
040 _aBR-BrBNA
_bpor
_cBiblioteca Nacional de Agricultura
041 _a(En)
072 _aL60; L40
100 1 _aSakakibara, A.M.
245 1 _aThe tribe acutalini fowler (Homoptera, Membracidae, Smiliinae): new genera, new species and some nomenclatural changes
650 _aTAXONOMIA ANIMAL
650 _aHOMOPTERO
650 _aANATOMIA ANIMAL
650 _aINSETO
773 0 _tRevista Brasileira de Zoologia (Brazil)
_xISSN 0101-8175
_g(Set 1997), v. 14(3) p. 659-674
_wBR0801364
909 _a202311
_bLúcia
_c55
_dLúcia Elande
942 _2AGRIS
_n0
_cANA
999 _c193855
_d193855